[Event "Rapid 2018"]
[Site "Saint-Petersburg"]
[Date "2018.12.28"]
[Round "13"]
[Board "20"]
[White "Amonatov Farrukh (TJK)"]
[Black "Paravyan David (RUS)"]
[Result "1/2-1/2"]
[LiveChessVersion "1.4.8"]
[BlackElo "2611"]
[WhiteElo "2688"]

1. e4 {[%clk 0:15:19]} e5 {[%clk 0:15:19]} 2. Nf3 {[%clk 0:15:26]} Nc6
{[%clk 0:15:28]} 3. Bb5 {[%clk 0:15:34]} Nf6 {[%clk 0:15:34]} 4. d3
{[%clk 0:15:42]} Bc5 {[%clk 0:15:43]} 5. Bxc6 {[%clk 0:15:49]} dxc6
{[%clk 0:15:52]} 6. Nbd2 {[%clk 0:15:58]} O-O {[%clk 0:15:53]} 7. Qe2
{[%clk 0:16:04]} Nd7 {[%clk 0:15:55]} 8. O-O {[%clk 0:16:05]} Be7
{[%clk 0:15:09]} 9. Nc4 {[%clk 0:16:05]} f6 {[%clk 0:15:17]} 10. Nh4
{[%clk 0:16:09]} Nc5 {[%clk 0:15:25]} 11. Nf5 {[%clk 0:16:04]} Bxf5
{[%clk 0:13:02]} 12. exf5 {[%clk 0:16:12]} Na4 {[%clk 0:13:09]} 13. Qg4
{[%clk 0:15:38]} Nb6 {[%clk 0:13:14]} 14. Nd2 {[%clk 0:15:44]} Nd5
{[%clk 0:12:58]} 15. Ne4 {[%clk 0:15:51]} Kh8 {[%clk 0:12:50]} 16. Bd2
{[%clk 0:15:56]} a5 {[%clk 0:12:31]} 17. a3 {[%clk 0:15:35]} Qe8 {[%clk 0:12:16]}
18. Rae1 {[%clk 0:15:35]} Qf7 {[%clk 0:12:25]} 19. Ng3 {[%clk 0:14:35]} Bd6
{[%clk 0:12:20]} 20. Re4 {[%clk 0:14:40]} b6 {[%clk 0:09:18]} 21. Rfe1
{[%clk 0:14:16]} Rae8 {[%clk 0:09:20]} 22. Rc4 {[%clk 0:13:34]} c5
{[%clk 0:07:07]} 23. Qf3 {[%clk 0:13:22]} Nf4 {[%clk 0:06:46]} 24. Rce4
{[%clk 0:13:27]} g6 {[%clk 0:05:52]} 25. h3 {[%clk 0:10:35]} Rg8 {[%clk 0:05:42]}
26. fxg6 {[%clk 0:06:13]} hxg6 {[%clk 0:05:51]} 27. Bxf4 {[%clk 0:06:17]} exf4
{[%clk 0:05:59]} 28. Rxe8 {[%clk 0:06:25]} Rxe8 {[%clk 0:06:08]} 29. Rxe8+
{[%clk 0:06:34]} Qxe8 {[%clk 0:06:17]} 30. Ne2 {[%clk 0:06:04]} Qe5
{[%clk 0:05:24]} 31. c3 {[%clk 0:06:07]} f5 {[%clk 0:05:23]} 32. Kf1
{[%clk 0:06:06]} Kg7 {[%clk 0:05:17]} 33. Ke1 {[%clk 0:05:14]} Qe6
{[%clk 0:04:57]} 34. Kd2 {[%clk 0:05:23]} g5 {[%clk 0:05:06]} 35. g4
{[%clk 0:03:49]} fxg3 {[%clk 0:04:50]} 36. fxg3 {[%clk 0:03:58]} Qh6
{[%clk 0:04:26]} 37. g4 {[%clk 0:04:05]} f4 {[%clk 0:04:00]} 38. Qd5
{[%clk 0:03:52]} Qh4 {[%clk 0:03:23]} 39. d4 {[%clk 0:03:40]} c4 {[%clk 0:03:15]}
40. a4 {[%clk 0:03:17]} Kh8 {[%clk 0:01:49]} 41. Qa8+ {[%clk 0:01:09]} Kg7
{[%clk 0:01:57]} 42. Qd5 {[%clk 0:01:18]} Qh6 {[%clk 0:01:16]} 43. Qf5
{[%clk 0:01:14]} Qf6 {[%clk 0:01:22]} 44. Qd7+ {[%clk 0:00:55]} Kh6
{[%clk 0:01:28]} 45. d5 {[%clk 0:00:38]} Be5 {[%clk 0:01:27]} 46. Qe6
{[%clk 0:00:19]} Qxe6 {[%clk 0:01:08]} 47. dxe6 {[%clk 0:00:28]} Kg6
{[%clk 0:01:17]} 48. Ng1 {[%clk 0:00:31]} Kf6 {[%clk 0:01:05]} 49. Nf3
{[%clk 0:00:41]} Bd6 {[%clk 0:01:14]} 50. Ke2 {[%clk 0:00:35]} Be7
{[%clk 0:00:21]} 51. Nd2 {[%clk 0:00:43]} Kxe6 {[%clk 0:00:27]} 52. Nxc4
{[%clk 0:00:52]} Kd5 {[%clk 0:00:31]} 53. Nd2 {[%clk 0:00:53]} c6
{[%clk 0:00:41]} 54. Kd3 {[%clk 0:00:50]} Bd8 {[%clk 0:00:14]} 55. b3
{[%clk 0:00:46]} Be7 {[%clk 0:00:20]} 56. Nf3 {[%clk 0:00:35]} Bf6
{[%clk 0:00:27]} 57. Nd2 {[%clk 0:00:24]} Bd8 {[%clk 0:00:24]} 58. Nf3
{[%clk 0:00:18]} Bf6 {[%clk 0:00:33]} 59. Nd2 {[%clk 0:00:17]} Bd8
{[%clk 0:00:42]} 60. Nf3 Ke4+ 61. Kxe4 1/2-1/2

[Event "Rapid 2018"]
[Site "Saint-Petersburg"]
[Date "2018.12.28"]
[Round "13"]
[Board "22"]
[White "Jakovenko Dmitry (RUS)"]
[Black "Sakaev Konstantin (RUS)"]
[Result "1-0"]
[LiveChessVersion "1.4.8"]
[BlackElo "2621"]
[WhiteElo "2731"]

1. e4 {[%clk 0:15:18]} c5 {[%clk 0:15:17]} 2. Nf3 {[%clk 0:15:27]} d6
{[%clk 0:15:25]} 3. d4 {[%clk 0:15:36]} cxd4 {[%clk 0:15:33]} 4. Nxd4
{[%clk 0:15:45]} Nf6 {[%clk 0:15:41]} 5. Nc3 {[%clk 0:15:54]} a6 {[%clk 0:15:50]}
6. f3 {[%clk 0:16:03]} e5 {[%clk 0:15:54]} 7. Nb3 {[%clk 0:16:12]} Be6
{[%clk 0:16:02]} 8. Be3 {[%clk 0:16:18]} Be7 {[%clk 0:16:04]} 9. Qd2
{[%clk 0:16:24]} O-O {[%clk 0:16:11]} 10. O-O-O {[%clk 0:16:32]} Nbd7
{[%clk 0:16:19]} 11. g4 {[%clk 0:16:24]} b5 {[%clk 0:16:28]} 12. g5
{[%clk 0:16:13]} Nh5 {[%clk 0:16:35]} 13. Kb1 {[%clk 0:15:56]} Nb6
{[%clk 0:16:06]} 14. Nd5 {[%clk 0:15:35]} Nxd5 {[%clk 0:15:34]} 15. exd5
{[%clk 0:15:43]} Bd7 {[%clk 0:15:43]} 16. Na5 {[%clk 0:15:40]} Rc8
{[%clk 0:15:27]} 17. c4 {[%clk 0:12:48]} Qc7 {[%clk 0:12:42]} 18. Rc1
{[%clk 0:11:59]} Qb8 {[%clk 0:08:53]} 19. Bd3 {[%clk 0:08:20]} b4
{[%clk 0:06:44]} 20. c5 {[%clk 0:06:57]} dxc5 {[%clk 0:06:39]} 21. Bxa6
{[%clk 0:07:03]} Rcd8 {[%clk 0:06:31]} 22. Bc4 {[%clk 0:05:57]} Qa7
{[%clk 0:06:10]} 23. Qxb4 {[%clk 0:05:57]} cxb4 {[%clk 0:02:59]} 24. Bxa7
{[%clk 0:06:05]} Bxg5 {[%clk 0:03:08]} 25. Rcg1 {[%clk 0:04:48]} Bf6
{[%clk 0:01:21]} 26. Bc5 {[%clk 0:02:25]} Bf5+ {[%clk 0:01:29]} 27. Ka1
{[%clk 0:02:30]} e4 {[%clk 0:01:38]} 28. Bxf8 {[%clk 0:02:06]} Kxf8
{[%clk 0:01:43]} 29. Nc6 {[%clk 0:01:56]} Re8 {[%clk 0:01:48]} 30. Re1
{[%clk 0:01:04]} e3 {[%clk 0:01:18]} 31. Nxb4 {[%clk 0:01:07]} Nf4
{[%clk 0:01:26]} 32. a4 {[%clk 0:01:13]} e2 {[%clk 0:01:04]} 33. Bb5
{[%clk 0:01:04]} Re3 {[%clk 0:01:10]} 34. Ka2 {[%clk 0:01:13]} Be7
{[%clk 0:00:39]} 35. Nc6 {[%clk 0:01:19]} Bh4 {[%clk 0:00:34]} 36. Nd4
{[%clk 0:01:18]} Bd3 {[%clk 0:00:27]} 37. Bxd3 {[%clk 0:01:16]} Bxe1
{[%clk 0:00:36]} 38. Bxe2 {[%clk 0:01:07]} Nxe2 {[%clk 0:00:39]} 39. Nc2
{[%clk 0:01:04]} Nc3+ {[%clk 0:00:31]} 40. bxc3 {[%clk 0:01:11]} 1-0

[Event "Rapid 2018"]
[Site "Saint-Petersburg"]
[Date "2018.12.28"]
[Round "13"]
[Board "23"]
[White "Ragger Markus (AUT)"]
[Black "Tomashevsky Evgeny (RUS)"]
[Result "1/2-1/2"]
[LiveChessVersion "1.4.8"]
[BlackElo "2737"]
[WhiteElo "2632"]

1. e4 {[%clk 0:15:19]} c6 {[%clk 0:15:19]} 2. d4 {[%clk 0:15:27]} d5
{[%clk 0:15:28]} 3. exd5 {[%clk 0:15:36]} cxd5 {[%clk 0:15:37]} 4. Bd3
{[%clk 0:15:45]} Nc6 {[%clk 0:15:41]} 5. c3 {[%clk 0:15:54]} Nf6 {[%clk 0:15:48]}
6. h3 {[%clk 0:16:02]} g6 {[%clk 0:15:53]} 7. Bf4 {[%clk 0:16:11]} Bf5
{[%clk 0:15:41]} 8. Be2 {[%clk 0:16:19]} Be4 {[%clk 0:14:08]} 9. Nf3
{[%clk 0:16:20]} Bxf3 {[%clk 0:14:16]} 10. Bxf3 {[%clk 0:16:23]} e6
{[%clk 0:14:25]} 11. O-O {[%clk 0:16:06]} Bd6 {[%clk 0:14:33]} 12. Bh6
{[%clk 0:15:17]} Bf8 {[%clk 0:14:01]} 13. Bf4 {[%clk 0:15:16]} Bd6
{[%clk 0:14:09]} 14. Bh6 {[%clk 0:14:30]} Bf8 {[%clk 0:13:29]} 15. Bf4
{[%clk 0:10:59]} 1/2-1/2

[Event "Rapid 2018"]
[Site "Saint-Petersburg"]
[Date "2018.12.28"]
[Round "13"]
[Board "24"]
[White "Guseinov Gadir (AZE)"]
[Black "Sarana Alexey (RUS)"]
[Result "1-0"]
[LiveChessVersion "1.4.8"]
[BlackElo "2617"]
[WhiteElo "2732"]

1. e4 {[%clk 0:15:19]} c5 {[%clk 0:15:19]} 2. Nc3 {[%clk 0:15:28]} d6
{[%clk 0:15:28]} 3. d4 {[%clk 0:15:36]} cxd4 {[%clk 0:15:37]} 4. Qxd4
{[%clk 0:15:44]} Nc6 {[%clk 0:15:45]} 5. Qd2 {[%clk 0:15:41]} e6 {[%clk 0:15:54]}
6. b3 {[%clk 0:15:45]} Nf6 {[%clk 0:16:02]} 7. Bb2 {[%clk 0:15:53]} d5
{[%clk 0:16:11]} 8. exd5 {[%clk 0:15:53]} exd5 {[%clk 0:16:19]} 9. O-O-O
{[%clk 0:16:01]} Be6 {[%clk 0:16:28]} 10. Nf3 {[%clk 0:15:55]} Qa5
{[%clk 0:16:33]} 11. Nd4 {[%clk 0:14:36]} Bb4 {[%clk 0:16:40]} 12. Nxe6
{[%clk 0:10:34]} fxe6 {[%clk 0:16:46]} 13. Qe3 {[%clk 0:10:41]} Kf7
{[%clk 0:14:31]} 14. Kb1 {[%clk 0:10:07]} d4 {[%clk 0:14:03]} 15. Rxd4
{[%clk 0:10:16]} Nxd4 {[%clk 0:14:12]} 16. Qxd4 {[%clk 0:10:24]} Rhd8
{[%clk 0:13:58]} 17. Qe3 {[%clk 0:10:32]} Bxc3 {[%clk 0:11:33]} 18. Bxc3
{[%clk 0:10:40]} Rd1+ {[%clk 0:11:41]} 19. Kb2 {[%clk 0:10:49]} Qb6
{[%clk 0:11:26]} 20. Qf3 {[%clk 0:10:09]} Rad8 {[%clk 0:11:34]} 21. g3
{[%clk 0:07:02]} R8d5 {[%clk 0:10:50]} 22. Bc4 {[%clk 0:06:36]} Rxh1
{[%clk 0:10:46]} 23. Qxh1 {[%clk 0:06:37]} Rh5 {[%clk 0:10:02]} 24. f4
{[%clk 0:06:30]} Qc6 {[%clk 0:09:11]} 25. Qd1 {[%clk 0:06:39]} b5
{[%clk 0:07:51]} 26. Bxf6 {[%clk 0:05:26]} Rxh2 {[%clk 0:07:59]} 27. Bc3
{[%clk 0:02:35]} bxc4 {[%clk 0:07:59]} 28. Qd4 {[%clk 0:02:43]} Kg6
{[%clk 0:06:11]} 29. f5+ {[%clk 0:02:05]} exf5 {[%clk 0:05:46]} 30. Qxg7+
{[%clk 0:02:12]} Kh5 {[%clk 0:05:55]} 31. Qxh7+ {[%clk 0:01:53]} Qh6
{[%clk 0:06:04]} 32. Qxf5+ {[%clk 0:01:53]} Qg5 {[%clk 0:06:13]} 33. g4+
{[%clk 0:01:49]} Kh6 {[%clk 0:06:21]} 34. Qf8+ {[%clk 0:01:53]} 1-0

[Event "Rapid 2018"]
[Site "Saint-Petersburg"]
[Date "2018.12.28"]
[Round "13"]
[Board "25"]
[White "Khanin Semen (RUS)"]
[Black "Fridman Daniel (GER)"]
[Result "0-1"]
[LiveChessVersion "1.4.8"]
[BlackElo "2677"]
[WhiteElo "2594"]

1. e4 {[%clk 0:15:19]} e5 {[%clk 0:15:19]} 2. Nf3 {[%clk 0:15:27]} Nf6
{[%clk 0:15:28]} 3. Nxe5 {[%clk 0:15:28]} d6 {[%clk 0:15:37]} 4. Nf3
{[%clk 0:15:35]} Nxe4 {[%clk 0:15:45]} 5. Bd3 {[%clk 0:15:37]} Nf6
{[%clk 0:15:52]} 6. O-O {[%clk 0:15:45]} Be7 {[%clk 0:16:01]} 7. c3
{[%clk 0:15:52]} O-O {[%clk 0:16:09]} 8. Bc2 {[%clk 0:16:00]} Bg4
{[%clk 0:16:09]} 9. d4 {[%clk 0:16:06]} c5 {[%clk 0:15:44]} 10. h3
{[%clk 0:14:50]} Bh5 {[%clk 0:15:53]} 11. d5 {[%clk 0:14:30]} Nbd7
{[%clk 0:15:38]} 12. g4 {[%clk 0:13:57]} Bg6 {[%clk 0:15:45]} 13. Bxg6
{[%clk 0:14:00]} hxg6 {[%clk 0:15:36]} 14. c4 {[%clk 0:13:57]} Ne4
{[%clk 0:14:16]} 15. Nbd2 {[%clk 0:13:41]} Nxd2 {[%clk 0:13:49]} 16. Bxd2
{[%clk 0:13:48]} Bf6 {[%clk 0:13:07]} 17. Qc2 {[%clk 0:11:54]} Ne5
{[%clk 0:12:55]} 18. Nxe5 {[%clk 0:11:19]} Bxe5 {[%clk 0:13:03]} 19. Rae1
{[%clk 0:11:14]} Qf6 {[%clk 0:12:08]} 20. b3 {[%clk 0:11:01]} Rfe8
{[%clk 0:11:45]} 21. Kg2 {[%clk 0:10:38]} Bd4 {[%clk 0:11:28]} 22. f4
{[%clk 0:09:30]} Qh4 {[%clk 0:11:24]} 23. Bc3 {[%clk 0:08:45]} Rxe1
{[%clk 0:07:17]} 24. Rxe1 {[%clk 0:08:50]} f5 {[%clk 0:07:19]} 25. gxf5
{[%clk 0:07:46]} gxf5 {[%clk 0:07:27]} 26. Rf1 {[%clk 0:06:13]} Bxc3
{[%clk 0:04:50]} 27. Qxc3 {[%clk 0:06:21]} Re8 {[%clk 0:04:58]} 28. Qg3
{[%clk 0:05:26]} Qe7 {[%clk 0:04:34]} 29. Kh2 {[%clk 0:04:57]} Kf7
{[%clk 0:04:28]} 30. Rf2 {[%clk 0:03:40]} Qf6 {[%clk 0:04:30]} 31. Rg2
{[%clk 0:03:07]} Re4 {[%clk 0:04:22]} 32. Qf3 {[%clk 0:02:14]} Qh4
{[%clk 0:04:14]} 33. Rf2 {[%clk 0:02:01]} g6 {[%clk 0:04:05]} 34. Qg3
{[%clk 0:02:07]} Qf6 {[%clk 0:02:59]} 35. Rg2 {[%clk 0:02:16]} Re8
{[%clk 0:02:39]} 36. Qf3 {[%clk 0:02:19]} Qh4 {[%clk 0:02:36]} 37. Rf2
{[%clk 0:02:13]} Re1 {[%clk 0:02:39]} 38. Qg3 {[%clk 0:02:09]} Rh1+
{[%clk 0:02:47]} 0-1

[Event "Rapid 2018"]
[Site "Saint-Petersburg"]
[Date "2018.12.28"]
[Round "13"]
[Board "26"]
[White "Yuffa Daniil (RUS)"]
[Black "Riazantsev Alexander (RUS)"]
[Result "1/2-1/2"]
[LiveChessVersion "1.4.8"]
[BlackElo "2677"]
[WhiteElo "2573"]

1. d4 {[%clk 0:15:17]} d5 {[%clk 0:15:18]} 2. c4 {[%clk 0:15:26]} e6
{[%clk 0:15:27]} 3. Nf3 {[%clk 0:15:35]} Nf6 {[%clk 0:15:32]} 4. g3
{[%clk 0:15:42]} dxc4 {[%clk 0:15:40]} 5. Bg2 {[%clk 0:15:50]} a6
{[%clk 0:15:34]} 6. O-O {[%clk 0:15:50]} b5 {[%clk 0:15:42]} 7. Ne5
{[%clk 0:15:38]} Nd5 {[%clk 0:15:15]} 8. a4 {[%clk 0:15:10]} Bb7 {[%clk 0:15:12]}
9. e4 {[%clk 0:14:06]} Nf6 {[%clk 0:14:36]} 10. axb5 {[%clk 0:14:11]} axb5
{[%clk 0:14:28]} 11. Rxa8 {[%clk 0:14:09]} Bxa8 {[%clk 0:14:37]} 12. Nc3
{[%clk 0:14:07]} c6 {[%clk 0:14:40]} 13. d5 {[%clk 0:13:19]} Be7 {[%clk 0:14:33]}
14. dxe6 {[%clk 0:08:53]} fxe6 {[%clk 0:14:40]} 15. Qe2 {[%clk 0:08:58]} O-O
{[%clk 0:14:43]} 16. Bh3 {[%clk 0:09:06]} Kh8 {[%clk 0:14:00]} 17. Bxe6
{[%clk 0:08:37]} Qe8 {[%clk 0:13:55]} 18. Rd1 {[%clk 0:08:04]} Bb7 19. Bf4 Na6
{[%clk 0:11:12]} 20. Nd7 {[%clk 0:05:34]} Nxd7 {[%clk 0:10:26]} 21. Bxd7
{[%clk 0:05:37]} Qf7 {[%clk 0:10:26]} 22. e5 {[%clk 0:05:11]} Qg6
{[%clk 0:07:53]} 23. Qe4 {[%clk 0:02:44]} Nc5 {[%clk 0:07:51]} 24. Qxg6
{[%clk 0:02:52]} hxg6 {[%clk 0:08:00]} 25. e6 {[%clk 0:03:01]} Nd3
{[%clk 0:08:02]} 26. Ne4 Nxf4 {[%clk 0:06:19]} 27. gxf4 {[%clk 0:02:33]} c5
{[%clk 0:06:28]} 28. Ng5 {[%clk 0:01:41]} Rxf4 {[%clk 0:06:11]} 29. Nf7+
{[%clk 0:01:50]} Kh7 {[%clk 0:04:50]} 30. Ne5 {[%clk 0:01:47]} b4
{[%clk 0:03:23]} 31. Bc6 {[%clk 0:01:46]} Bxc6 {[%clk 0:01:57]} 32. Nxc6
{[%clk 0:01:55]} Bh4 {[%clk 0:02:07]} 33. Rd5 {[%clk 0:00:57]} c3
{[%clk 0:01:34]} 34. bxc3 {[%clk 0:00:59]} bxc3 {[%clk 0:01:43]} 35. Kg2
{[%clk 0:00:25]} Rc4 {[%clk 0:00:52]} 36. Rd1 {[%clk 0:00:34]} Re4
{[%clk 0:00:27]} 37. Rd5 {[%clk 0:00:19]} Rxe6 {[%clk 0:00:21]} 38. Rxc5
{[%clk 0:00:27]} Bf6 {[%clk 0:00:25]} 39. Kf3 {[%clk 0:00:25]} Rd6
{[%clk 0:00:22]} 40. Nb4 {[%clk 0:00:23]} Rd2 {[%clk 0:00:14]} 41. Nd5
{[%clk 0:00:32]} Bd4 {[%clk 0:00:23]} 42. Rc4 {[%clk 0:00:37]} Rxf2+
{[%clk 0:00:22]} 43. Ke4 {[%clk 0:00:13]} Bf6 {[%clk 0:00:29]} 44. Nxc3 Rc2
{[%clk 0:00:21]} 45. Kd3 {[%clk 0:00:25]} Rxc3+ {[%clk 0:00:25]} 46. Rxc3
{[%clk 0:00:35]} Bxc3 {[%clk 0:00:34]} 47. Kxc3 Kh6 {[%clk 0:00:43]} 48. Kd4
{[%clk 0:00:53]} Kg5 {[%clk 0:00:42]} 49. Ke3 {[%clk 0:00:56]} Kg4
{[%clk 0:00:50]} 50. Ke4 {[%clk 0:00:46]} g5 {[%clk 0:00:48]} 51. Ke5
{[%clk 0:00:40]} Kh3 {[%clk 0:00:48]} 52. Kf5 {[%clk 0:00:49]} g4
{[%clk 0:00:56]} 53. Kf4 {[%clk 0:00:38]} Kh4 {[%clk 0:01:03]} 54. Kf5
{[%clk 0:00:41]} g5 {[%clk 0:01:05]} 55. Kg6 {[%clk 0:00:47]} g3 {[%clk 0:00:35]}
56. hxg3+ {[%clk 0:00:56]} Kxg3 {[%clk 0:00:44]} 57. Kxg5 {[%clk 0:01:04]}
1/2-1/2

[Event "Rapid 2018"]
[Site "Saint-Petersburg"]
[Date "2018.12.28"]
[Round "13"]
[Board "27"]
[White "Levin Evgeny A. (RUS)"]
[Black "Timofeev Artyom (RUS)"]
[Result "1/2-1/2"]
[LiveChessVersion "1.4.8"]
[BlackElo "2668"]
[WhiteElo "2563"]

1. d4 {[%clk 0:15:18]} Nf6 {[%clk 0:15:18]} 2. c4 {[%clk 0:15:27]} b6
{[%clk 0:15:26]} 3. Nf3 {[%clk 0:14:35]} Bb7 {[%clk 0:15:34]} 4. Nc3
{[%clk 0:14:28]} g6 {[%clk 0:15:35]} 5. g3 {[%clk 0:14:02]} Bg7 {[%clk 0:15:43]}
6. Bg2 {[%clk 0:14:11]} O-O {[%clk 0:15:23]} 7. O-O {[%clk 0:14:16]} Ne4
{[%clk 0:14:53]} 8. Qc2 {[%clk 0:12:52]} Nxc3 {[%clk 0:15:00]} 9. Qxc3
{[%clk 0:12:55]} c5 {[%clk 0:15:07]} 10. Be3 {[%clk 0:12:56]} Nc6
{[%clk 0:14:37]} 11. Rfd1 {[%clk 0:12:56]} Qc7 {[%clk 0:14:41]} 12. Rac1
{[%clk 0:12:25]} Rac8 {[%clk 0:14:33]} 13. Qd2 {[%clk 0:11:39]} cxd4
{[%clk 0:12:53]} 14. Nxd4 {[%clk 0:11:45]} Nxd4 {[%clk 0:12:51]} 15. Bxd4
{[%clk 0:11:36]} Bxg2 {[%clk 0:12:54]} 16. Bxg7 {[%clk 0:10:58]} 1/2-1/2

[Event "Rapid 2018"]
[Site "Saint-Petersburg"]
[Date "2018.12.28"]
[Round "13"]
[Board "28"]
[White "Kovalenko Igor (LAT)"]
[Black "Hovhannisyan Robert (ARM)"]
[Result "1/2-1/2"]
[LiveChessVersion "1.4.8"]
[BlackElo "2549"]
[WhiteElo "2665"]

1. Nf3 {[%clk 0:15:18]} d5 {[%clk 0:15:18]} 2. d4 {[%clk 0:15:27]} Nf6
{[%clk 0:15:26]} 3. c4 {[%clk 0:15:36]} c6 {[%clk 0:15:34]} 4. Nc3
{[%clk 0:15:42]} e6 {[%clk 0:15:43]} 5. cxd5 {[%clk 0:15:40]} exd5
{[%clk 0:15:51]} 6. Qc2 {[%clk 0:15:49]} Bd6 {[%clk 0:15:46]} 7. Bg5
{[%clk 0:15:57]} O-O {[%clk 0:15:36]} 8. e3 {[%clk 0:16:03]} h6 {[%clk 0:15:26]}
9. Bh4 {[%clk 0:16:11]} Be6 {[%clk 0:15:10]} 10. Bd3 {[%clk 0:16:18]} Nbd7
{[%clk 0:15:17]} 11. O-O {[%clk 0:16:09]} Re8 {[%clk 0:15:08]} 12. Rab1
{[%clk 0:16:11]} a5 {[%clk 0:14:54]} 13. a3 {[%clk 0:16:03]} Qb8 {[%clk 0:14:56]}
14. Bg3 {[%clk 0:16:08]} Bg4 {[%clk 0:14:29]} 15. Nd2 {[%clk 0:15:15]} Bxg3
{[%clk 0:14:15]} 16. hxg3 {[%clk 0:15:23]} Qd6 {[%clk 0:14:21]} 17. Rfc1
{[%clk 0:15:08]} Rac8 {[%clk 0:12:38]} 18. Na4 {[%clk 0:15:08]} g6
{[%clk 0:11:20]} 19. Nc5 {[%clk 0:14:57]} Nxc5 {[%clk 0:11:23]} 20. Qxc5
{[%clk 0:15:06]} Qxc5 {[%clk 0:11:15]} 21. Rxc5 {[%clk 0:12:09]} b6
{[%clk 0:09:45]} 22. Rc3 {[%clk 0:12:02]} c5 {[%clk 0:09:48]} 23. dxc5
{[%clk 0:07:42]} bxc5 {[%clk 0:09:56]} 24. Ba6 {[%clk 0:07:51]} d4
{[%clk 0:07:20]} 25. exd4 {[%clk 0:07:45]} cxd4 {[%clk 0:07:29]} 26. Rxc8
{[%clk 0:07:51]} Bxc8 {[%clk 0:07:37]} 27. Bd3 {[%clk 0:06:07]} Be6
{[%clk 0:04:54]} 28. Nf3 {[%clk 0:05:53]} Rd8 {[%clk 0:03:49]} 29. b4
{[%clk 0:04:57]} axb4 {[%clk 0:03:58]} 30. Rxb4 {[%clk 0:05:06]} Rc8
{[%clk 0:03:50]} 31. Nxd4 {[%clk 0:03:10]} Rc1+ {[%clk 0:03:58]} 32. Bf1
{[%clk 0:03:19]} Bd7 {[%clk 0:04:06]} 33. f3 {[%clk 0:03:00]} Nd5
{[%clk 0:03:29]} 34. Rb8+ {[%clk 0:03:10]} Kg7 {[%clk 0:03:38]} 35. Kf2
{[%clk 0:02:39]} Ra1 {[%clk 0:03:43]} 36. Bc4 {[%clk 0:02:38]} Nf6
{[%clk 0:03:02]} 37. Nc2 {[%clk 0:02:36]} Rc1 {[%clk 0:02:58]} 38. Ne3
{[%clk 0:02:46]} h5 {[%clk 0:02:47]} 39. Rb7 {[%clk 0:02:44]} Ra1
{[%clk 0:02:41]} 40. Ra7 {[%clk 0:02:53]} Be8 {[%clk 0:02:36]} 41. Ke2
{[%clk 0:02:57]} Nd7 {[%clk 0:01:57]} 42. Ra8 {[%clk 0:02:39]} Nf6
{[%clk 0:01:57]} 43. Nc2 {[%clk 0:02:33]} Rg1 {[%clk 0:01:55]} 44. Ne1
{[%clk 0:02:38]} Rh1 {[%clk 0:01:41]} 45. a4 {[%clk 0:02:34]} h4 {[%clk 0:01:49]}
46. g4 {[%clk 0:02:21]} Bc6 {[%clk 0:01:49]} 47. Ra7 {[%clk 0:02:09]} Bd5
{[%clk 0:01:55]} 48. Bxd5 Nxd5 {[%clk 0:02:04]} 49. Kf2 {[%clk 0:02:10]} Nc3
{[%clk 0:01:15]} 50. Nd3 {[%clk 0:02:04]} Ra1 {[%clk 0:01:22]} 51. a5
{[%clk 0:01:57]} Ra2+ {[%clk 0:01:27]} 52. Kf1 {[%clk 0:01:24]} Nd5
{[%clk 0:01:12]} 53. Ne5 {[%clk 0:00:58]} Ne3+ {[%clk 0:01:20]} 54. Kg1
{[%clk 0:01:07]} Rxg2+ 55. Kh1 h3 {[%clk 0:01:09]} 56. Nxf7 {[%clk 0:01:09]} Kf6
{[%clk 0:01:10]} 57. Nd6 {[%clk 0:01:17]} Ke5 {[%clk 0:00:46]} 58. Ne4
{[%clk 0:01:04]} Ra2 {[%clk 0:00:28]} 59. Re7+ {[%clk 0:00:53]} Kf4
{[%clk 0:00:21]} 60. Rf7+ {[%clk 0:01:01]} Ke5 {[%clk 0:00:30]} 61. Re7+
{[%clk 0:00:16]} Kf4 {[%clk 0:00:39]} 62. Rf7+ {[%clk 0:00:25]} Ke5
{[%clk 0:00:48]} 63. Nc3 {[%clk 0:00:24]} Ra3 {[%clk 0:00:29]} 64. Ne2
{[%clk 0:00:25]} Ke6 {[%clk 0:00:24]} 65. Rf8 {[%clk 0:00:28]} Ke7
{[%clk 0:00:26]} 66. Rf4 {[%clk 0:00:35]} Nf1 {[%clk 0:00:19]} 67. Re4+
{[%clk 0:00:16]} Kd6 {[%clk 0:00:25]} 68. Rd4+ {[%clk 0:00:17]} Kc5
{[%clk 0:00:21]} 69. Rd1 {[%clk 0:00:20]} Rxf3 {[%clk 0:00:28]} 70. a6
{[%clk 0:00:12]} Kb6 {[%clk 0:00:19]} 71. Ra1 {[%clk 0:00:14]} Ka7
{[%clk 0:00:28]} 72. Nd4 {[%clk 0:00:23]} Rf2 {[%clk 0:00:31]} 73. Ne2
{[%clk 0:00:21]} Nd2 {[%clk 0:00:26]} 74. Ng1 {[%clk 0:00:24]} h2
{[%clk 0:00:16]} 75. Nh3 {[%clk 0:00:33]} Re2 {[%clk 0:00:21]} 76. Ra2
{[%clk 0:00:27]} Re1+ {[%clk 0:00:14]} 77. Kxh2 {[%clk 0:00:36]} Ne4
{[%clk 0:00:16]} 78. Nf4 {[%clk 0:00:37]} Nf6 {[%clk 0:00:23]} 79. g5
{[%clk 0:00:28]} Ne4 {[%clk 0:00:31]} 80. Ne6 {[%clk 0:00:24]} Nc3
{[%clk 0:00:29]} 81. Rc2 {[%clk 0:00:27]} Rxe6 {[%clk 0:00:24]} 82. Rxc3 Re5
{[%clk 0:00:33]} 83. Rg3 {[%clk 0:00:46]} Kxa6 {[%clk 0:00:40]} 84. Kh3
{[%clk 0:00:55]} Kb6 {[%clk 0:00:42]} 85. Kg4 {[%clk 0:01:04]} Kc6
{[%clk 0:00:37]} 86. Rd3 {[%clk 0:00:50]} Rd5 {[%clk 0:00:41]} 87. Rf3
{[%clk 0:00:58]} Rd4+ {[%clk 0:00:48]} 88. Kg3 {[%clk 0:01:06]} Kd7
{[%clk 0:00:47]} 89. Rf7+ {[%clk 0:01:10]} Ke6 {[%clk 0:00:50]} 90. Rf6+
{[%clk 0:01:19]} Ke5 {[%clk 0:00:58]} 91. Rxg6 {[%clk 0:01:26]} 1/2-1/2

[Event "Rapid 2018"]
[Site "Saint-Petersburg"]
[Date "2018.12.28"]
[Round "13"]
[Board "29"]
[White "Savchenko Boris (RUS)"]
[Black "Gasanov Eldar (UKR)"]
[Result "1-0"]
[LiveChessVersion "1.4.8"]
[BlackElo "2547"]
[WhiteElo "2660"]

1. e4 {[%clk 0:13:45]} e5 {[%clk 0:15:09]} 2. Nf3 {[%clk 0:13:43]} Nc6
{[%clk 0:15:16]} 3. Bb5 {[%clk 0:13:51]} a6 {[%clk 0:15:12]} 4. Ba4
{[%clk 0:13:59]} Nf6 {[%clk 0:15:07]} 5. O-O {[%clk 0:14:05]} Be7
{[%clk 0:15:06]} 6. Re1 {[%clk 0:14:12]} b5 {[%clk 0:15:09]} 7. Bb3
{[%clk 0:14:20]} d6 {[%clk 0:15:14]} 8. c3 {[%clk 0:13:58]} O-O {[%clk 0:15:18]}
9. a4 {[%clk 0:14:03]} Bd7 {[%clk 0:14:56]} 10. d4 {[%clk 0:13:50]} Bg4
{[%clk 0:14:30]} 11. Bd5 {[%clk 0:09:58]} Nxd5 {[%clk 0:13:09]} 12. exd5
{[%clk 0:10:05]} Na5 {[%clk 0:12:45]} 13. axb5 {[%clk 0:07:56]} axb5
{[%clk 0:12:05]} 14. dxe5 {[%clk 0:07:45]} dxe5 {[%clk 0:11:23]} 15. h3
{[%clk 0:06:11]} Bxf3 {[%clk 0:10:49]} 16. Qxf3 {[%clk 0:06:18]} Re8
{[%clk 0:04:39]} 17. Nd2 {[%clk 0:04:47]} b4 {[%clk 0:04:32]} 18. Nf1
{[%clk 0:03:22]} Bd6 {[%clk 0:03:30]} 19. Ng3 {[%clk 0:03:08]} Nb3
{[%clk 0:03:17]} 20. Rxa8 {[%clk 0:03:00]} Qxa8 {[%clk 0:03:25]} 21. Be3
{[%clk 0:02:51]} bxc3 {[%clk 0:02:58]} 22. bxc3 {[%clk 0:02:06]} Qa5
{[%clk 0:02:55]} 23. Ne4 {[%clk 0:01:47]} Rf8 {[%clk 0:01:28]} 24. Nf6+
{[%clk 0:00:23]} Kh8 {[%clk 0:01:04]} 25. Qf5 {[%clk 0:00:22]} g6
{[%clk 0:01:07]} 26. Qg5 {[%clk 0:00:25]} Qxc3 {[%clk 0:00:16]} 27. Qh6
{[%clk 0:00:15]} Qxe1+ {[%clk 0:00:21]} 28. Kh2 {[%clk 0:00:23]} e4+
{[%clk 0:00:26]} 29. g3 {[%clk 0:00:32]} Bxg3+ {[%clk 0:00:26]} 30. Kg2
{[%clk 0:00:38]} 1-0